Taylor Swift mystery lyrics #37 - Statistics

General Stats
  • This quiz has been taken 100 times
    93 since last reset
  • The average score is 185 of 254
Answer Stats
Answer % Correct
I
100%
You
100%
you
100%
a
98%
your
98%
And
94%
and
94%
in
94%
In
94%
it
92%
me
92%
the
92%
The
92%
when
92%
you're
92%
to
91%
be
89%
is
89%
my
89%
that
89%
don't
88%
like
88%
this
88%
This
88%
know
86%
all
83%
for
83%
but
82%
But
82%
love
82%
said
82%
then
82%
back
80%
Come
80%
here
79%
it's
79%
If
77%
so
77%
was
77%
what
76%
at
74%
not
74%
are
73%
How
73%
can
70%
I'd
70%
never
68%
now
68%
had
67%
miss
67%
wanna
67%
A.M.
65%
'Cause
64%
down
64%
get
64%
just
64%
can't
62%
with
62%
way
61%
day
59%
feeling
59%
Oh
59%
oh
59%
4
58%
London
58%
sinks
58%
mind
56%
New
56%
around
55%
York
55%
would've
53%
need
52%
One
52%
today
52%
than
50%
took
50%
about
48%
away
48%
break
48%
fall
48%
last
48%
fair
47%
guess
47%
told
44%
falling
42%
kiss
42%
known
42%
right
42%
simple
42%
bring
41%
play
41%
strange
39%
plane
38%
anything
36%
help
36%
much
36%
myself
36%
put
36%
knowing
35%
second
35%
wish
35%
Without
35%
attached
33%
flight
33%
catch
32%
cruelest
32%
nonchalant
32%
Taxi
32%
through
32%
worlds
32%
faster
30%
cabs
29%
long
29%
played
29%
busy
27%
goodbye
27%
spinning
27%
streets
27%
Stumbled
21%
beginning
17%
delicate
15%
rush
15%
No matching quizzes found
Score Distribution
Percent of People with Each Score
Percentile by Number Answered
Your Score History
You have not taken this quiz since the last reset